000 00307nam a22001457a 4500
008 210310b ||||| |||| 00| 0 eng d
020 _a9780079099754
041 _aeng
080 _a62
082 _a62
100 _a26
101 _aMEK
245 _aFinite Elements 123
_cBaker, A.J
942 _2udc
_cBK
999 _c56176
_d56176